Versailles. : Photos de Patrice Molinard /

Bibliographic Details
Main Author: Molinard, Patrice
Other Authors: Fraigneau, André
Format: Book
Language:French
English
Published: Paris : Editions mondiales, [1949?]
Series:Couleurs du monde
Subjects:

MARC

Tag First Indicator Second Indicator Subfields
LEADER 00000cam a2200000 4500
001 in00000307358
005 20151010143804.0
008 750307s1949 fr a 00010 fre d
010 |a  50039904  
035 |a (OCoLC)01204187 
035 |9 ABH5782AM 
040 |c XQM  |d TXA  |d UtOrBLW 
041 0 |a fre  |a eng 
049 |a TXAM  |c [226418] 
090 |a DC801.V56  |b M65 
100 1 |a Molinard, Patrice. 
245 1 0 |a Versailles. :  |b Photos de Patrice Molinard /  |c Texte d'Andre Fraigneau. [English translation: Baird Hastings]. 
264 1 |a Paris :  |b Editions mondiales,  |c [1949?] 
300 |a 1 volume :  |b (chiefly illustrations (part color)) ;  |c 30 cm. 
336 |a text  |b txt  |2 rdacontent 
337 |a unmediated  |b n  |2 rdamedia 
338 |a volume  |b nc  |2 rdacarrier 
490 0 |a Couleurs du monde 
651 0 |a Versailles (France)  |x Pictorial works. 
700 1 |a Fraigneau, André. 
999 |a MARS 
999 f f |s 67bdd7a3-ee0a-3c75-9f0b-8a7a5c0a2359  |i b402ed6c-5c0c-3e2e-98e6-a46ec4f2170e  |t 0 
952 f f |p ric  |a Texas A&M University  |b Rellis Campus  |c Joint Library Facility  |d Remote Storage  |t 0  |e DC801.V56 M65  |h Library of Congress classification  |i unmediated -- volume  |m A14801968800 
998 f f |a DC801.V56 M65  |t 0  |l Remote Storage